2º memorandum presentado por la Compañía de los Ferrocarriles Salitreros a la Honorable Comisión nombrada por S. E. el Presidente de la República para informar sobre las solicitudes referentes a construcción de líneas férreas en Tarapacá

Wedi'i Gadw mewn:
Manylion Llyfryddiaeth
Awdur Corfforaethol: Compañía de Ferrocarriles Salitreros (Awdur)
Fformat: Llyfr
Iaith:Sbaeneg
Cyhoeddwyd: Santiago Imprenta de La República 1883
Rhifyn:1a. ed
Pynciau:
Tagiau: Ychwanegu Tag
Dim Tagiau, Byddwch y cyntaf i dagio'r cofnod hwn!

MARC

LEADER 00000nam a2200000 a 4500
001 UCJ4828
003 CL-VaPUC
008 070124e18830700CL |||||||||||||||||spa|d
082 0 4 |a 340  |b COM  |2 21 
110 2 |a Compañía de Ferrocarriles Salitreros  |e author  |9 509217 
245 1 0 |a 2º memorandum presentado por la Compañía de los Ferrocarriles Salitreros a la Honorable Comisión nombrada por S. E. el Presidente de la República para informar sobre las solicitudes referentes a construcción de líneas férreas en Tarapacá 
250 |a 1a. ed 
300 |a 73 p 
942 |c BK 
945 |d 20070124 00:00:00  |a rinostro 
260 |a Santiago  |b Imprenta de La República  |c 1883 
500 |a Empastado junto con otros folletos en un volumen rotulado ZEGERS, FOLLETOS; ubicación 983 ZEG 
600 0 |a Huneeus Zegers, Jorge (1835-1889)  |9 670102 
600 0 7 |a GRIFFIN, HERBERTO JUAN  |2 CL-VaPUC  |9 509219 
650 0 |a Ferrocarriles  |9 260933 
650 0 |a Juicios civiles  |9 506779 
650 0 |a Industria salitrera  |9 440309 
650 0 |a Derecho comparado  |9 255664 
650 0 |a Derecho constitucional   |9 222588 
651 7 |a TARAPACA  |2 CL-VaPUC  |9 268304 
583 |a last modification  |c 20170807 12:18:52  |k Rodrigo Vera 
999 |c 320943  |d 320941 
952 |0 0  |1 0  |4 0  |6 340_000000000000000_COM_1883  |7 0  |8 X  |9 399582  |a FDOBUD  |b FDOBUD  |d 2019-11-22  |i 1026429  |o 340 COM 1883  |p 1026429  |r 2019-11-22  |w 2019-11-22  |y BK_X  |k BUD